100 Biggest Cities of British India with a Map - Statistics

General Stats
  • This quiz has been taken 941 times
    715 since last reset
  • The average score is 37 of 100
Answers on the Map
Answers color-coded by a green-red scale on the quiz's map according to % correct below.
 
Answer Stats
Population City % Correct
1,161,383 Bombay (Mumbai)
98%
347,539 Delhi
98%
1,193,651 Calcutta (Kolkata)
97%
64,855 New Delhi
97%
138,518 Dacca (Dhaka)
93%
346,093 | 96,021 Hyderabad
93%
247,791 Karachi
93%
400,075 Lahore
93%
645,586 Madras (Chennai)
92%
306,470 Bangalore
90%
398,967 Rangoon (Yangon)
90%
310,000 Ahmedabad
87%
251,097 Lucknow
82%
205,487 Agra
80%
198,078 Poona (Pune)
80%
53,156 Chittagong
75%
144,179 Jaipur
74%
98,936 Surat
73%
134,950 Mandalay
68%
215,165 Nagpur
68%
159,690 Patna
68%
263,210 Amritsar
64%
61,037 Bhopal
63%
127,327 Indore
61%
201,037 Benares (Varanasi)
60%
219,189 Cawnpore (Kanpur)
60%
75,767 Rawalpindi
57%
173,573 Srinagar
57%
87,440 Peshawar
56%
173,895 Allahabad
49%
94,736 Jodhpur
49%
108,351 Multan
48%
107,142 Mysore
48%
95,198 Coimbatore
47%
109,639 Baroda (Vadodara)
46%
182,018 Madura (Madurai)
46%
57,303 Vizagapatam (Visakhapatnam)
43%
66,098 Ludhiana
37%
96,016 Trivandrum (Thiruvananthapuram)
36%
99,273 Calicut (Kozhikode)
33%
58,716 Gujranwala
33%
91,181 Meerut
33%
134,179 Bareilly
32%
60,427 Bezawada (Vijayawada)
29%
50,517 Ranchi
29%
102,179 Salem
29%
66,756 Mangalore
28%
85,804 Imphal
25%
104,317 Jubbulpore (Jabalpur)
25%
142,843 Trichinopoly (Tiruchirappalli)
24%
83,878 Aligarh
22%
83,738 Jamshedpur
22%
119,524 Ajmer
21%
65,263 Cuttack
21%
224,873 Howrah
21%
85,927 Bikaner
20%
74,295 Jullundur (Jalandhar)
19%
144,654 Sholapur (Solapur)
19%
85,093 Sialkot
18%
88,005 Gaya
17%
89,982 Hubli
17%
110,562 Moradabad
17%
62,119 Warangal
16%
53,779 Ujjain
15%
55,056 Jamnagar
14%
59,369 Gorakhpur
13%
65,179 Guntur
13%
64,591 Jhansi
13%
78,655 Saharanpur
13%
69,860 Kolhapur
12%
55,129 Patiala
12%
120,801 Secunderabad
12%
69,277 Sukkur
12%
57,265 Vellore
12%
75,594 Bhavnagar
11%
66,889 Tanjore (Thanjavur)
11%
65,506 Moulmein (Mawlamyine)
10%
60,590 Muttra (Mathura)
10%
74,216 Rampur
9%
65,258 Conjeeveram (Kanchipuram)
8%
57,078 Tinnevelly (Tirunelveli)
8%
65,952 Cocanada (Kakinada)
7%
59,057 Cuddalore
6%
57,342 Ellore (Eluru)
6%
85,103 Kolar Gold Fields
6%
63,526 Rajahmundry
6%
60,395 Tuticorin (Thoothukudi)
6%
60,676 Darbhanga
5%
58,134 Kharagpur
5%
83,847 Bhagalpur
4%
56,928 Masulipatnam (Machilipatnam)
4%
79,316 Shahjahanpur
4%
52,863 Monghyr (Munger)
3%
84,975 Bhatpara
2%
62,317 Kumbakonam
2%
78,680 Lashkar
2%
51,990 Palamcottah (Palayamkottai)
2%
49,584 Titagarh
2%
62,505 Shikarpur
1%
No matching quizzes found
Score Distribution
Percent of People with Each Score
Percentile by Number Answered
Your Score History
You have not taken this quiz since the last reset